MARC details
| 000 -LEADER |
| fixed length control field |
01457cam a2200409 i 4500 |
| 001 - CONTROL NUMBER |
| control field |
22422955 |
| 003 - CONTROL NUMBER IDENTIFIER |
| control field |
TR-AnTOB |
| 005 - DATE AND TIME OF LATEST TRANSACTION |
| control field |
20250716121755.0 |
| 007 - PHYSICAL DESCRIPTION FIXED FIELD--GENERAL INFORMATION |
| fixed length control field |
ta |
| 008 - FIXED-LENGTH DATA ELEMENTS--GENERAL INFORMATION |
| fixed length control field |
220215s2020 tu ah b 001 0dtur d |
| 010 ## - LIBRARY OF CONGRESS CONTROL NUMBER |
| LC control number |
2021325677 |
| 020 ## - INTERNATIONAL STANDARD BOOK NUMBER |
| International Standard Book Number |
9789751746474 |
|
| International Standard Book Number |
9751746477 |
| 035 ## - SYSTEM CONTROL NUMBER |
| System control number |
(OCoLC)on1237602355 |
| 037 ## - SOURCE OF ACQUISITION |
| Terms of availability |
18.00 USD |
| 040 ## - CATALOGING SOURCE |
| Original cataloging agency |
L2U |
| Language of cataloging |
eng |
| Description conventions |
rda |
| Transcribing agency |
L2U |
| Modifying agency |
OCLCO |
| -- |
CGU |
| -- |
OCLCO |
| -- |
IXA |
| -- |
OCLCO |
| -- |
OCLCF |
| -- |
ZCU |
| -- |
HUL |
| -- |
CUY |
| -- |
OCLCO |
| -- |
DLC |
| -- |
TR-AnTOB |
| 041 ## - LANGUAGE CODE |
| Language code of text/sound track or separate title |
Türkçe |
| 042 ## - AUTHENTICATION CODE |
| Authentication code |
lccopycat |
| -- |
lcode |
| 043 ## - GEOGRAPHIC AREA CODE |
| Geographic area code |
a-tu--- |
| 050 00 - LIBRARY OF CONGRESS CALL NUMBER |
| Classification number |
DR507 |
| Item number |
.B67 2020 |
| 090 ## - LOCALLY ASSIGNED LC-TYPE CALL NUMBER (OCLC); LOCAL CALL NUMBER (RLIN) |
| Classification number (OCLC) (R) ; Classification number, CALL (RLIN) (NR) |
DR507 |
| Local cutter number (OCLC) ; Book number/undivided call number, CALL (RLIN) |
.B67 2020 |
| 100 0# - MAIN ENTRY--PERSONAL NAME |
| Personal name |
Bostanzâde Mehmed Efendi, |
| Dates associated with a name |
1535 or 1536-1598 |
| Relator term |
author |
| 9 (RLIN) |
144751 |
| 245 10 - TITLE STATEMENT |
| Title |
Kadıasker mülâzım rûznâmçelerinden "Bostanzâde Mehmed Efendi defteri" / |
| Statement of responsibility, etc. |
hazırlayan, Yasemin Beyazıt. |
| 246 30 - VARYING FORM OF TITLE |
| Title proper/short title |
Bostanzâde Mehmed Efendi defteri |
| 264 #1 - PRODUCTION, PUBLICATION, DISTRIBUTION, MANUFACTURE, AND COPYRIGHT NOTICE |
| Place of production, publication, distribution, manufacture |
Ankara : |
| Name of producer, publisher, distributor, manufacturer |
Türk Tarih Kurumu, |
| Date of production, publication, distribution, manufacture, or copyright notice |
2020. |
| 300 ## - PHYSICAL DESCRIPTION |
| Extent |
192 pages : |
| Other physical details |
1 color illustration, facsimiles ; |
| Dimensions |
24 cm. |
| 336 ## - CONTENT TYPE |
| Content type term |
text |
| Content type code |
txt |
| Source |
rdacontent |
| 337 ## - MEDIA TYPE |
| Media type term |
unmediated |
| Media type code |
n |
| Source |
rdamedia |
| 338 ## - CARRIER TYPE |
| Carrier type term |
volume |
| Carrier type code |
nc |
| Source |
rdacarrier |
| 490 1# - SERIES STATEMENT |
| Series statement |
Türk Tarih Kurumu Yayınları. III-1. dizi ; |
| Volume/sequential designation |
sayı 12 |
| 546 ## - LANGUAGE NOTE |
| Language note |
In Turkish. |
| 650 #0 - SUBJECT ADDED ENTRY--TOPICAL TERM |
| Topical term or geographic name entry element |
Bürokrasi |
| Geographic subdivision |
Türkiye |
| General subdivision |
Tarih |
| Chronological subdivision |
16. yüzyıl |
| Form subdivision |
Kaynaklar |
| 9 (RLIN) |
105434 |
| 651 #7 - SUBJECT ADDED ENTRY--GEOGRAPHIC NAME |
| Geographic name |
Türkiye |
| General subdivision |
Siyaset ve yönetim |
| Chronological subdivision |
16. yüzyıl |
| Form subdivision |
Kaynaklar |
| 9 (RLIN) |
120128 |
| 700 1# - ADDED ENTRY--PERSONAL NAME |
| Personal name |
Beyazıt, Yasemin |
| Relator term |
editor |
| 9 (RLIN) |
117752 |
| 942 ## - ADDED ENTRY ELEMENTS (KOHA) |
| Source of classification or shelving scheme |
Library of Congress Classification |
| Koha item type |
Book |